000 00314nam a22001337a 4500
008 170818b xxu||||| |||| 00| 0 eng d
020 _a9781256469957
041 _aeng
080 _a51
100 _a37
101 _aMAT
245 _aBASIC COLLEGE MATHEMATICS WITH PREALGEBRA
_cGAY.E.M
942 _2udc
_cBK
999 _c24095
_d24095